Premier league starting XI 2018-19 - Statistics

General Stats
  • This quiz has been taken 51 times
  • The average score is 65 of 209
Answer Stats
Position Answer % Correct
MID Alli
76%
GK Ederson
76%
GK Alisson
74%
GK De Gea
74%
DEF Stones
74%
GK Lloris
71%
FWD Mane
71%
FWD Salah
71%
DEF Walker
71%
DEF Alexander-Arnold
68%
FWD Firmino
68%
FWD Kane
68%
DEF Robertson
68%
DEF van Dijk
68%
MID Wijnaldum
68%
FWD Aguero
65%
GK Cech
65%
DEF Gomez
65%
DEF | MID Sanchez
65%
MID Silva
65%
MID Sterling
65%
MID Eriksen
59%
MID Keita
59%
MID Mahrez
59%
MID Milner
59%
MID Pogba
59%
FWD Rashford
59%
MID Dier
56%
DEF Laporte
56%
DEF Mendy
56%
DEF Shaw
56%
DEF Vertonghen
56%
FWD Aubameyang
53%
MID Fernandinho
53%
GK Kepa
53%
DEF Lindelöf
53%
MID Özil
53%
DEF Aurier
50%
DEF Davies
50%
MID Gundogan
50%
GK Hart
50%
DEF Bellerin
47%
MID Fred
47%
MID Mata
47%
MID Xhaka
47%
DEF Bailly
44%
GK Pickford
44%
FWD Zaha
44%
MID Kante
41%
MID Richarlison
41%
FWD Wilson
41%
DEF Alonso
38%
FWD Arnautovic
38%
FWD King
38%
DEF Mustafi
38%
MID Neves
38%
MID Noble
38%
DEF Ogbonna
38%
MID Sissoko
38%
FWD Willian
38%
GK Begovic
35%
FWD Benteke
35%
DEF Darmian
35%
FWD Deeney
35%
MID Moutinho
35%
MID Ramsey
35%
MID Rice
35%
DEF Rudiger
35%
MID Walcott
35%
MID Anderson
32%
MID Antonio
32%
DEF Azpillicueta
32%
DEF Baines
32%
DEF Coleman
32%
MID Fraser
32%
FWD | MID Gray
32%
MID Guendouzi
32%
GK Hennessey
32%
GK Patricio
32%
FWD Pedro
32%
DEF Smith
32%
DEF Sokratis
32%
DEF Wan-Bissaka
32%
DEF Ward
32%
DEF Ake
29%
DEF Cook
29%
MID Doherty
29%
GK Etheridge
29%
GK Foster
29%
DEF Holebas
29%
MID Jorginho
29%
DEF Luiz
29%
DEF Mee
29%
FWD Morata
29%
MID Moura
29%
MID Pereira
29%
GK Schmeichel
29%
FWD Austin
26%
DEF Balbuena
26%
MID Brooks
26%
DEF Chilwell
26%
DEF Clark
26%
GK Dubravka
26%
FWD Jimenez
26%
FWD Jota
26%
DEF Keane
26%
DEF Maguire
26%
GK McCarthy
26%
FWD Mitrovic
26%
MID Mooy
26%
DEF Morgan
26%
MID Shelvey
26%
DEF Tarkowski
26%
FWD Tosun
26%
MID Barkley
24%
MID Bertrand
24%
DEF Boly
24%
DEF Cathcart
24%
DEF Coady
24%
MID Doucoure
24%
DEF Fredericks
24%
DEF Lascelles
24%
DEF Masuaku
24%
MID Milivojevic
24%
MID Mkhitaryan
24%
MID Pereyra
24%
FWD Perez
24%
FWD Redmond
24%
DEF Sakho
24%
MID Townsend
24%
DEF Yedlin
24%
MID Capoue
21%
MID Gueye
21%
FWD Iheanacho
21%
DEF Jagielka
21%
MID Maddison
21%
MID Schneiderlin
21%
DEF Vestergaard
21%
FWD Wood
21%
DEF Bennet
18%
MID Billing
18%
MID Cairney
18%
DEF Chambers
18%
FWD Costa
18%
DEF Daniels
18%
DEF Janmaat
18%
DEF Kabasele
18%
MID Paterson
18%
MID Ritchie
18%
MID Romeu
18%
FWD Schurrle
18%
FWD Sessegnon
18%
MID Wilshere
18%
MID Hendrick
15%
MID Hughes
15%
MID Jonny
15%
DEF Lowton
15%
MID McArthur
15%
MID Seri
15%
MID Sigurdsson
15%
DEF Stephens
15%
DEF Tomkins
15%
DEF van Aanholt
15%
MID Westwood
15%
MID Bamba
12%
DEF Bennett
12%
MID Cedric
12%
MID Hoilett
12%
DEF Manga
12%
DEF Morrison
12%
MID Ndidi
12%
MID Ralls
12%
FWD Reid
12%
MID Schlupp
12%
DEF Christie
9%
MID Cork
9%
MID Diame
9%
DEF Dummett
9%
GK Fabri
9%
MID Gosling
9%
MID Gudmundsson
9%
GK Hamer
9%
DEF Hoedt
9%
DEF Jorgensen
9%
FWD Joselu
9%
MID Kenedy
9%
DEF Kongolo
9%
DEF Le Marchand
9%
MID Lemina
9%
MID Lennon
9%
FWD Mounie
9%
DEF Peltier
9%
DEF Schindler
9%
MID Surman
9%
DEF Amartey
6%
DEF Bryan
6%
GK Fabianksi
6%
MID Hadergjonaj
6%
MID Hogg
6%
DEF Maintland-Niles
6%
MID McDonald
6%
FWD Pritchard
6%
FWD Armstrong
3%
MID Löwe
3%
MID Mendez-Laing
3%
No matching quizzes found
Score Distribution
Percent of People with Each Score
Percentile by Number Answered
Your Score History
You have not taken this quiz